[Event "2 Festival Juan Martínez Sola - Grupo B"]
[Site "Almería ESP"]
[Date "2015.12.19"]
[Round "6.4"]
[White "Llamas Perez, Antonio"]
[Black "Pulido Moyano, Rafael"]
[Result "1-0"]
[WhiteElo "1718"]
[BlackElo "1632"]
[PlyCount "89"]
[EventDate "2015.12.18"]
[EventType "swiss"]
[EventRounds "7"]
[EventCountry "ESP"]
[Source "lmi"]
[SourceDate "2015.12.18"]

1. d4 d5 2. Nf3 Nf6 3. e3 e6 4. Bd3 Bd6 5. Nbd2 Nbd7 6. O-O O-O 7. Re1 e5 8. e4
dxe4 9. Nxe4 Nxe4 10. Rxe4 f5 11. Rh4 e4 12. Bc4+ Kh8 13. Ng5 Nf6 14. Nxh7 Ng4
15. Nxf8+ Nh6 16. Ng6+ Kh7 17. Bxh6 gxh6 18. Qh5 Bf8 19. Ne5 Qf6 20. Qf7+ Qxf7
21. Bxf7 Kg7 22. Rd1 Kf6 23. Rh3 f4 24. Rc3 c6 25. Bh5 Bf5 26. h4 Rd8 27. Rb3
e3 28. Ng4+ Ke6 29. Rxb7 Bxc2 30. Re1 Rxd4 31. fxe3 fxe3 32. Rxe3+ Kd6 33. Rf7
Bd1 34. Rxf8 Bxg4 35. Rf6+ Kd5 36. Bxg4 Rxg4 37. Rxh6 Kd4 38. Ree6 c5 39. Ra6
Kd3 40. Rxa7 c4 41. Rc7 Kc2 42. b4 Kb2 43. Rhc6 c3 44. Rxc3 Kxa2 45. R7c4 1-0

[Event "2 Festival Juan Martínez Sola - Grupo B"]
[Site "Almería ESP"]
[Date "2015.12.19"]
[Round "6.2"]
[White "Alonso Garcia, Aaron"]
[Black "Molano Lafuente, Ismael"]
[Result "0-1"]
[WhiteElo "1898"]
[BlackElo "1987"]
[PlyCount "178"]
[EventDate "2015.12.18"]
[EventType "swiss"]
[EventRounds "7"]
[EventCountry "ESP"]
[Source "lmi"]
[SourceDate "2015.12.18"]

1. e4 c5 2. Nc3 Nc6 3. g3 g6 4. Bg2 Bg7 5. d3 d6 6. Nge2 h5 7. h3 h4 8. g4 e5
9. O-O g5 10. Nd5 Be6 11. Ne3 f6 12. c3 Nge7 13. d4 Bf7 14. d5 Nb8 15. Nf5 O-O
16. Nxe7+ Qxe7 17. c4 Nd7 18. Be3 Rfb8 19. Qd3 Be8 20. Rfb1 Bf8 21. a3 a6 22.
Nc3 Qd8 23. Bf1 Qc7 24. Be2 Be7 25. a4 b6 26. Bf1 Bd8 27. Ra2 Ra7 28. b3 Rab7
29. Qd1 Kg7 30. Bd3 Qc8 31. Qf1 Bc7 32. Raa1 Ra8 33. Bd2 Qb8 34. f3 Qd8 35. Kh1
Rab8 36. Qe2 Nf8 37. Qf1 Ng6 38. Re1 Ne7 39. Reb1 Nc8 40. Ra2 Na7 41. Rba1 Bd7
42. Kg1 Qe8 43. Kg2 Nc8 44. Re1 Na7 45. Rea1 Qc8 46. Qc1 Bd8 47. Qf1 Qc7 48.
Qd1 a5 49. Qf1 Be7 50. Nd1 Rh8 51. Ne3 Nc8 52. Re1 Qd8 53. Bc1 Ra7 54. Nf5+
Bxf5 55. exf5 Qf8 56. Rae2 Qf7 57. Kh2 Kf8 58. Bb2 Rh6 59. Re3 Rd7 60. R1e2 Bd8
61. Rg2 Re7 62. Bc2 Ke8 63. Bc3 Kd7 64. Bd2 Rh8 65. Re4 Kc7 66. Qc1 Rg8 67. Qe1
Rd7 68. Bd3 Kb8 69. Qg1 Rg7 70. Be1 Ka7 71. Bd2 Kb8 72. Qc1 Na7 73. Qe1 Nc8 74.
Kg1 Na7 75. Kf2 Nc8 76. Ke2 Na7 77. Kd1 Nc8 78. Kc2 Na7 79. Kb2 Nc8 80. Ree2
Na7 81. Rh2 Nc8 82. Bc3 Rh7 83. f4 gxf4 84. Be4 Rh8 85. Qg1 Qg7 86. Rhg2 Qg5
87. Qc1 Ne7 88. Ref2 Ng8 89. Bd2 Nh6 0-1

[Event "2 Festival Juan Martínez Sola - Grupo B"]
[Site "Almería ESP"]
[Date "2015.12.19"]
[Round "6.3"]
[White "Moreno Lopez, Avelino"]
[Black "Jimenez Ramallo, Francisco J"]
[Result "1-0"]
[WhiteElo "1624"]
[BlackElo "1908"]
[PlyCount "65"]
[EventDate "2015.12.18"]
[EventType "swiss"]
[EventRounds "7"]
[EventCountry "ESP"]
[Source "lmi"]
[SourceDate "2015.12.18"]

1. d4 d5 2. c4 e6 3. Nf3 c5 4. cxd5 exd5 5. Nc3 Nc6 6. g3 Nf6 7. Bg2 Be7 8. O-O
O-O 9. Bg5 c4 10. Ne5 Be6 11. Qd2 h6 12. Bf4 Rc8 13. Rfd1 Qa5 14. Nxc6 bxc6 15.
Nxd5 Qd8 16. Nxe7+ Qxe7 17. e4 Rfd8 18. Qa5 g5 19. Be3 Ng4 20. Qc3 Rb8 21. d5
cxd5 22. exd5 Bf5 23. Bd4 f6 24. h3 Ne5 25. Re1 Qd7 26. g4 Nd3 27. Re3 Bg6 28.
Bxf6 Rf8 29. Re7 Qxe7 30. Bxe7 Rxf2 31. Rf1 Rbxb2 32. Rxf2 Rxf2 33. Qxc4 1-0

[Event "2 Festival Juan Martínez Sola - Grupo B"]
[Site "Almería ESP"]
[Date "2015.12.19"]
[Round "6.1"]
[White "Moya Albaladejo, Jose Antonio"]
[Black "Perez Beltran, Salvador"]
[Result "1-0"]
[WhiteElo "1876"]
[BlackElo "1802"]
[PlyCount "81"]
[EventDate "2015.12.18"]
[EventType "swiss"]
[EventRounds "7"]
[EventCountry "ESP"]
[Source "lmi"]
[SourceDate "2015.12.18"]

1. e4 c5 2. Nf3 e6 3. g3 Nc6 4. Bg2 Nf6 5. d3 d5 6. Qe2 Be7 7. O-O h6 8. e5 Nd7
9. c4 d4 10. Nbd2 Qc7 11. Re1 b6 12. Nf1 Bb7 13. h4 O-O-O 14. a3 Rdg8 15. Bd2
g5 16. hxg5 hxg5 17. g4 Kb8 18. Ng3 Rg7 19. Rab1 a5 20. Nh5 Rg6 21. b3 Rhg8 22.
Ng3 Rh8 23. Rb2 Rhg8 24. Ra2 R8g7 25. Nh5 Rg8 26. Raa1 Rh8 27. Rab1 Rhg8 28.
Ng3 R8g7 29. b4 cxb4 30. axb4 axb4 31. Qd1 Rh7 32. Nh5 Ndxe5 33. Nxe5 Nxe5 34.
Bxb7 Kxb7 35. Bxb4 Bc5 36. Bxc5 Qxc5 37. Rb5 Qc6 38. Rexe5 f6 39. Rec5 Qd6 40.
Qf3+ Kb8 41. Rc6 1-0

[Event "2 Festival Juan Martínez Sola - Grupo B"]
[Site "Almería ESP"]
[Date "2015.12.19"]
[Round "6.5"]
[White "Moreno Alberti, Manuel"]
[Black "Mena Hernandez, Diego"]
[Result "1-0"]
[WhiteElo "1943"]
[BlackElo "1695"]
[PlyCount "43"]
[EventDate "2015.12.18"]
[EventType "swiss"]
[EventRounds "7"]
[EventCountry "ESP"]
[Source "lmi"]
[SourceDate "2015.12.18"]

1. e4 e6 2. d4 d5 3. Nc3 dxe4 4. Nxe4 Bd7 5. Nf3 Bc6 6. Neg5 Nf6 7. Ne5 Ne4 8.
Nxc6 Qd5 9. Nxf7 Nxc6 10. Nxh8 Bb4+ 11. c3 Nxc3 12. bxc3 Bxc3+ 13. Bd2 Qe4+ 14.
Be2 Bxa1 15. O-O Bxd4 16. Bf3 Qe5 17. Re1 Qf6 18. Bg5 Bxf2+ 19. Kxf2 Qxg5 20.
Bxc6+ bxc6 21. Rxe6+ Kf8 22. Qf3+ 1-0

[Event "2 Festival Juan Martínez Sola - Grupo B"]
[Site "Almería ESP"]
[Date "2015.12.19"]
[Round "6.6"]
[White "Gazquez Corral, Alba"]
[Black "Amat Camacho, Alejandro"]
[Result "1/2-1/2"]
[WhiteElo "1761"]
[BlackElo "1678"]
[PlyCount "159"]
[EventDate "2015.12.18"]
[EventType "swiss"]
[EventRounds "7"]
[EventCountry "ESP"]
[Source "lmi"]
[SourceDate "2015.12.18"]

1. e4 d6 2. d4 Nf6 3. Nc3 Nbd7 4. Be3 e5 5. Bc4 c6 6. Nf3 b5 7. Bd3 Be7 8. a4
b4 9. Ne2 a5 10. Ng3 O-O 11. Nf5 g6 12. Ng3 Qc7 13. h3 exd4 14. Nxd4 Ne5 15.
Be2 Bb7 16. Qd2 Rfe8 17. f4 Rad8 18. f5 d5 19. O-O dxe4 20. Qc1 Nd5 21. Nxe4
Nxe3 22. Qxe3 Qb6 23. Rad1 c5 24. Nb5 Qc6 25. f6 Qxe4 26. Qxe4 Bxe4 27. fxe7
Rxd1 28. Bxd1 Bc6 29. Be2 Rxe7 30. Rd1 Rd7 31. Rxd7 Nxd7 32. Kf2 Bxb5 33. Bxb5
Nb6 34. Ke3 f6 35. Ke4 Kf7 36. b3 Ke6 37. g4 g5 38. Bc6 h6 39. Bb7 h5 40. Bc6
hxg4 41. hxg4 Nc8 42. Bd5+ Ke7 43. Bg8 Nb6 44. Kf5 Nc8 45. Ke4 Nb6 46. Kf5 Nc8
47. Ke4 Nb6 48. Kf5 Nc8 49. Ke4 Kd6 50. Bc4 Ne7 51. Bf7 Kc7 52. Bc4 Kd6 53. Bf7
Kc7 54. Bc4 Kd6 55. Bf7 Nc6 56. Bc4 Nd4 57. Bd3 Ke6 58. Bc4+ Kd6 59. Bd3 Kc6
60. Ke3 Kd5 61. Be4+ Ke5 62. Bd3 f5 63. gxf5 Nxf5+ 64. Kf3 Nh6 65. Bg6 Nf5 66.
Kg4 Ne3+ 67. Kxg5 c4 68. Bh7 cxb3 69. cxb3 Kd4 70. Kf4 Ng2+ 71. Kf3 Ne1+ 72.
Ke2 Ng2 73. Kd2 Nf4 74. Bg8 Ng6 75. Bf7 Ne5 76. Bg8 Nf3+ 77. Ke2 Ng5 78. Kd2
Ne4+ 79. Kc2 Ke3 80. Bf7 1/2-1/2

[Event "2 Festival Juan Martínez Sola - Grupo B"]
[Site "Almería ESP"]
[Date "2015.12.19"]
[Round "6.7"]
[White "Garcia Navarro, Jose Jesus"]
[Black "Canavate Ros, Adrian"]
[Result "1-0"]
[WhiteElo "1750"]
[BlackElo "1633"]
[PlyCount "47"]
[EventDate "2015.12.18"]
[EventType "swiss"]
[EventRounds "7"]
[EventCountry "ESP"]
[Source "lmi"]
[SourceDate "2015.12.18"]

1. e4 c5 2. Nf3 a6 3. c4 Nc6 4. Nc3 g6 5. d4 cxd4 6. Nxd4 Bg7 7. Be3 Nf6 8. Be2
O-O 9. O-O e5 10. Nc2 d6 11. Qd2 Qe7 12. Rad1 Rd8 13. Bg5 Be6 14. f4 h6 15.
Bxf6 Bxf6 16. f5 Bg5 17. Qd3 gxf5 18. exf5 Bc8 19. Nd5 Qf8 20. f6 Rb8 21. Qe4
Kh8 22. Rf3 Qg8 23. Bd3 Re8 24. Rg3 1-0

[Event "2 Festival Juan Martínez Sola - Grupo B"]
[Site "Almería ESP"]
[Date "2015.12.19"]
[Round "6.8"]
[White "Serrano Cattoni, Francisco"]
[Black "Revaliente Montoya, Ciro"]
[Result "1-0"]
[WhiteElo "1762"]
[BlackElo "1489"]
[PlyCount "50"]
[EventDate "2015.12.18"]
[EventType "swiss"]
[EventRounds "7"]
[EventCountry "ESP"]
[Source "lmi"]
[SourceDate "2015.12.18"]

1. e4 c5 2. Nc3 Nc6 3. f4 g6 4. Nf3 Bg7 5. Bc4 e6 6. O-O Nge7 7. f5 O-O 8. Qe1
exf5 9. d3 fxe4 10. dxe4 a6 11. Ng5 Ne5 12. Qh4 h6 13. Nxf7 Nxf7 14. Rxf7 Rxf7
15. Bxf7+ Kxf7 16. Bxh6 Qh8 17. Qf2+ Ke8 18. Bxg7 Qxg7 19. Qxc5 Qf6 20. Rf1 Qg7
21. e5 Nf5 22. Nd5 Rb8 23. g4 Ne7 24. Nf6+ Kf8 25. Nh5+ Ke8 1-0

[Event "2 Festival Juan Martínez Sola - Grupo B"]
[Site "Almería ESP"]
[Date "2015.12.19"]
[Round "6.9"]
[White "Moreno Bello, Miguel"]
[Black "Wang Qiu, Jorge"]
[Result "1-0"]
[WhiteElo "1710"]
[BlackElo "1682"]
[PlyCount "43"]
[EventDate "2015.12.18"]
[EventType "swiss"]
[EventRounds "7"]
[EventCountry "ESP"]
[Source "lmi"]
[SourceDate "2015.12.18"]

1. a3 e5 2. e4 Nc6 3. Bc4 Bc5 4. b4 Bb6 5. Nf3 Nf6 6. d3 O-O 7. Nc3 d6 8. Bg5
Bg4 9. Nd5 h6 10. Nxf6+ gxf6 11. Bxh6 Re8 12. h3 Bh5 13. g4 Bg6 14. Nh4 Bd4 15.
Nxg6 Kh7 16. Bxf7 Bc3+ 17. Kf1 Kxh6 18. g5+ fxg5 19. h4 Kg7 20. Qh5 Kxf7 21.
Nh8+ Ke6 22. Qf7# 1-0

[Event "2 Festival Juan Martínez Sola - Grupo B"]
[Site "Almería ESP"]
[Date "2015.12.20"]
[Round "7.1"]
[White "Molano Lafuente, Ismael"]
[Black "Llamas Perez, Antonio"]
[Result "1/2-1/2"]
[WhiteElo "1987"]
[BlackElo "1718"]
[PlyCount "56"]
[EventDate "2015.12.18"]
[EventType "swiss"]
[EventRounds "7"]
[EventCountry "ESP"]
[Source "lmi"]
[SourceDate "2015.12.18"]

1. Nc3 d5 2. e4 dxe4 3. Nxe4 Nf6 4. Nxf6+ exf6 5. Bc4 Qe7+ 6. Qe2 Nc6 7. Qxe7+
Bxe7 8. c3 Ne5 9. Be2 Bf5 10. d4 Nd3+ 11. Bxd3 Bxd3 12. Bf4 O-O-O 13. O-O-O Bf5
14. Ne2 Rhe8 15. Rhe1 g5 16. Bd2 Bd6 17. Ng3 Bg6 18. Rxe8 Rxe8 19. Re1 Rxe1+
20. Bxe1 Bxg3 21. hxg3 Kd7 22. Kd2 Kd6 23. Ke3 Ke6 24. Kd2 Kd7 25. Ke3 Ke6 26.
Kd2 Kd7 27. Ke3 Ke6 28. Kd2 Kd7 1/2-1/2

[Event "2 Festival Juan Martínez Sola - Grupo B"]
[Site "Almería ESP"]
[Date "2015.12.20"]
[Round "7.3"]
[White "Perez Beltran, Salvador"]
[Black "Moreno Alberti, Manuel"]
[Result "0-1"]
[WhiteElo "1802"]
[BlackElo "1943"]
[PlyCount "98"]
[EventDate "2015.12.18"]
[EventType "swiss"]
[EventRounds "7"]
[EventCountry "ESP"]
[Source "lmi"]
[SourceDate "2015.12.18"]

1. d4 Nf6 2. Nf3 g6 3. c4 d6 4. Nc3 Bf5 5. Qb3 b6 6. g3 Nc6 7. Bg2 Na5 8. Qd1
Rc8 9. d5 Ne4 10. Qd4 Nf6 11. e4 c5 12. Qd3 Bg4 13. h3 Bxf3 14. Bxf3 Nd7 15.
Qe2 Ne5 16. b3 Bg7 17. Bb2 Nxf3+ 18. Qxf3 O-O 19. O-O a6 20. Qe2 Rb8 21. Na4
Bxb2 22. Nxb2 b5 23. Kg2 Qb6 24. Qc2 Rb7 25. Rfc1 Rfb8 26. Qc3 Qc7 27. Qd2 bxc4
28. Nxc4 Nxc4 29. Rxc4 Rb4 30. Rac1 Qa5 31. g4 Kg7 32. h4 h6 33. Qb2+ Kg8 34.
Qd2 Kh7 35. g5 h5 36. Kg3 Qd8 37. f4 Qd7 38. Qe2 a5 39. Rxb4 axb4 40. Rc2 Kg7
41. Kg2 Rf8 42. Kg3 f6 43. Rc1 fxg5 44. fxg5 e5 45. Rc2 Rf4 46. Rc1 Rg4+ 47.
Kf3 Qf7+ 48. Ke3 Qf4+ 49. Kd3 Qxc1 0-1

[Event "2 Festival Juan Martínez Sola - Grupo B"]
[Site "Almería ESP"]
[Date "2015.12.20"]
[Round "7.4"]
[White "Jimenez Ramallo, Francisco J"]
[Black "Garcia Navarro, Jose Jesus"]
[Result "1/2-1/2"]
[WhiteElo "1908"]
[BlackElo "1750"]
[PlyCount "42"]
[EventDate "2015.12.18"]
[EventType "swiss"]
[EventRounds "7"]
[EventCountry "ESP"]
[Source "lmi"]
[SourceDate "2015.12.18"]

1. c4 e6 2. Nf3 d5 3. e3 Nf6 4. d4 c5 5. a3 dxc4 6. Bxc4 a6 7. O-O b5 8. Bd3
Bb7 9. dxc5 Bxc5 10. b4 Bd6 11. Bb2 Qe7 12. Nbd2 O-O 13. Rc1 Nbd7 14. Qe2 Rfd8
15. h3 h6 16. Rfd1 Rac8 17. Bb1 Bb8 18. Bd3 Bd6 19. Bb1 Bb8 20. Bd3 Bd6 21. Bb1
Bb8 1/2-1/2

[Event "2 Festival Juan Martínez Sola - Grupo B"]
[Site "Almería ESP"]
[Date "2015.12.20"]
[Round "7.2"]
[White "Moya Albaladejo, Jose Antonio"]
[Black "Moreno Lopez, Avelino"]
[Result "1-0"]
[WhiteElo "1876"]
[BlackElo "1624"]
[PlyCount "52"]
[EventDate "2015.12.18"]
[EventType "swiss"]
[EventRounds "7"]
[EventCountry "ESP"]
[Source "lmi"]
[SourceDate "2015.12.18"]

1. e4 e5 2. Nf3 Nc6 3. Bb5 Nf6 4. O-O a6 5. Bxc6 dxc6 6. Nxe5 Be6 7. d3 Bd6 8.
Nf3 Ng4 9. h3 Ne5 10. Nxe5 Bxe5 11. c3 g5 12. d4 Bf4 13. Bxf4 gxf4 14. Nd2 Qg5
15. Qf3 O-O-O 16. e5 f5 17. exf6 Qxf6 18. Qh5 Rhg8 19. f3 Qg7 20. Rf2 Rd5 21.
Qh4 Rg5 22. g4 fxg3 23. Re2 Rg6 24. Rae1 Rh6 25. Qf4 Rxh3 26. Rxe6 g2 1-0

[Event "2 Festival Juan Martínez Sola - Grupo B"]
[Site "Almería ESP"]
[Date "2015.12.20"]
[Round "7.5"]
[White "Navarro Guirado, FranciscoJavier"]
[Black "Alonso Garcia, Aaron"]
[Result "0-1"]
[WhiteElo "1699"]
[BlackElo "1898"]
[PlyCount "84"]
[EventDate "2015.12.18"]
[EventType "swiss"]
[EventRounds "7"]
[EventCountry "ESP"]
[Source "lmi"]
[SourceDate "2015.12.18"]

1. c4 c5 2. Nc3 g6 3. Nf3 Bg7 4. g3 e5 5. Bg2 Ne7 6. O-O Nbc6 7. d3 d6 8. Rb1
O-O 9. a3 a5 10. Ne1 Be6 11. Nc2 d5 12. cxd5 Nxd5 13. Ne3 Nde7 14. Ne4 b6 15.
Bd2 h6 16. b4 axb4 17. axb4 f5 18. b5 Nd4 19. Nc3 Rb8 20. Nc4 Bxc4 21. dxc4 e4
22. Qc1 Kh7 23. e3 Nf3+ 24. Bxf3 exf3 25. h3 Qe8 26. e4 Bxc3 27. Qxc3 fxe4 28.
Kh2 Rd8 29. Rfe1 Nf5 30. Ra1 Rf7 31. g4 Nd4 32. Qe3 Qe5+ 33. Kh1 g5 34. Qxe4+
Qxe4 35. Rxe4 Nb3 36. Bxg5 hxg5 37. Ra6 Rd6 38. Ra8 Nd2 39. Re5 Rg6 40. Ree8
Nxc4 41. h4 gxh4 42. g5 Rxg5 0-1

[Event "2 Festival Juan Martínez Sola - Grupo B"]
[Site "Almería ESP"]
[Date "2015.12.20"]
[Round "7.6"]
[White "Amat Camacho, Alejandro"]
[Black "Serrano Cattoni, Francisco"]
[Result "1/2-1/2"]
[WhiteElo "1678"]
[BlackElo "1762"]
[PlyCount "71"]
[EventDate "2015.12.18"]
[EventType "swiss"]
[EventRounds "7"]
[EventCountry "ESP"]
[Source "lmi"]
[SourceDate "2015.12.18"]

1. e4 c5 2. Nc3 a6 3. b3 g6 4. Bb2 Bg7 5. Nf3 Nc6 6. g3 d6 7. Bg2 e5 8. Nd5 Nf6
9. Nxf6+ Bxf6 10. c4 h5 11. h4 Bg4 12. Bh3 Qd7 13. Bxg4 Qxg4 14. Qe2 Nb4 15.
Kd1 O-O 16. a3 Nc6 17. d3 Bg7 18. Nd2 Qe6 19. Kc2 b5 20. Nf1 bxc4 21. dxc4 f5
22. f3 Rab8 23. Rd1 Rf7 24. Nd2 Rfb7 25. Bc3 Bf8 26. g4 fxg4 27. fxg4 Qxg4 28.
Qxg4 hxg4 29. Rdg1 Bh6 30. Rxg4 Rg7 31. Nf3 Nd4+ 32. Bxd4 exd4 33. Ne1 Rf8 34.
Nd3 Rf3 35. Rhg1 Kh7 36. R1g2 1/2-1/2

[Event "2 Festival Juan Martínez Sola - Grupo B"]
[Site "Almería ESP"]
[Date "2015.12.20"]
[Round "7.7"]
[White "Molina Molina, Carlos Javier"]
[Black "Gazquez Corral, Alba"]
[Result "1-0"]
[WhiteElo "1659"]
[BlackElo "1761"]
[PlyCount "121"]
[EventDate "2015.12.18"]
[EventType "swiss"]
[EventRounds "7"]
[EventCountry "ESP"]
[Source "lmi"]
[SourceDate "2015.12.18"]

1. e4 e5 2. Nf3 Nc6 3. Bc4 Bc5 4. c3 Nf6 5. d3 O-O 6. Bb3 d6 7. Nbd2 a6 8. Nf1
Ng4 9. Ne3 Ba7 10. Qe2 Nxe3 11. Bxe3 Be6 12. Bc2 f6 13. O-O Qd7 14. d4 exd4 15.
Nxd4 Bf7 16. Nf5 Ne5 17. b3 Bxe3 18. Qxe3 Rae8 19. Qg3 Bg6 20. Ne3 Qc6 21. Nd5
Nf7 22. f3 Qc5+ 23. Kh1 c6 24. Nf4 Qxc3 25. Nxg6 hxg6 26. Rac1 Re5 27. Bb1 Qe3
28. Rfe1 Qg5 29. Qf2 Qh6 30. a3 Rfe8 31. b4 Kh7 32. Rcd1 Rh5 33. g3 Ne5 34. Re2
Rd8 35. Ba2 g5 36. Be6 Re8 37. Rxd6 Kg6 38. f4 gxf4 39. gxf4 Rh8 40. Qg2+ Kh7
41. fxe5 fxe5 42. Bg8+ Kxg8 43. Rxh6 R8xh6 44. Qg4 Rh3 45. Qc8+ Kh7 46. Qxb7
Rxa3 47. Rg2 Ra1+ 48. Rg1 Rxg1+ 49. Kxg1 Rd6 50. Qxa6 Rd4 51. Qxc6 Rxb4 52. Qd5
Rb1+ 53. Kg2 Rb2+ 54. Kg3 Rb1 55. Qxe5 Rg1+ 56. Kf2 Rg6 57. Qf5 Kh6 58. e5 Rg5
59. Qe4 Rh5 60. h4 g6 61. e6 1-0

[Event "2 Festival Juan Martínez Sola - Grupo B"]
[Site "Almería ESP"]
[Date "2015.12.20"]
[Round "7.8"]
[White "Pulido Moyano, Rafael"]
[Black "Moreno Bello, Miguel"]
[Result "1-0"]
[WhiteElo "1632"]
[BlackElo "1710"]
[PlyCount "101"]
[EventDate "2015.12.18"]
[EventType "swiss"]
[EventRounds "7"]
[EventCountry "ESP"]
[Source "lmi"]
[SourceDate "2015.12.18"]

1. e4 e5 2. Nf3 f5 3. Nc3 fxe4 4. Nxe4 d5 5. Ng3 Nc6 6. Bb5 Bd6 7. d3 Nf6 8.
O-O O-O 9. h3 e4 10. dxe4 dxe4 11. Nxe4 Nxe4 12. Qd5+ Kh8 13. Qxe4 Bf5 14. Qa4
Nb4 15. Bg5 Rf6 16. Nd4 Bxh3 17. f4 h6 18. Qb3 Bxg2 19. Kxg2 Rg6 20. Ne6 Qf6
21. Rf3 Qxe6 22. Qxe6 Rxe6 23. Bc4 Re4 24. Bb3 Re2+ 25. Rf2 Rae8 26. f5 Bc5 27.
Rxe2 Rxe2+ 28. Kf3 Rh2 29. Bf4 Rf2+ 30. Kg3 Nxc2 31. Rd1 Nd4 32. Kxf2 Nxb3+ 33.
Be3 Bxe3+ 34. Kxe3 Nc5 35. Kf4 Kg8 36. b4 Na6 37. a3 Kf7 38. Rd8 Ke7 39. Ra8 c5
40. b5 Nc7 41. Rxa7 c4 42. Rxb7 Kd6 43. Rb6+ Kd5 44. a4 Kd4 45. Rd6+ Nd5+ 46.
Kf3 Kc5 47. Rc6+ Kb4 48. b6 Ne7 49. Rc7 Nxf5 50. b7 Nd4+ 51. Ke4 1-0

[Event "2 Festival Juan Martínez Sola - Grupo B"]
[Site "Almería ESP"]
[Date "2015.12.20"]
[Round "7.9"]
[White "Mena Hernandez, Diego"]
[Black "Titos Gonzalez, Jose Antonio"]
[Result "0-1"]
[WhiteElo "1695"]
[BlackElo "1552"]
[PlyCount "86"]
[EventDate "2015.12.18"]
[EventType "swiss"]
[EventRounds "7"]
[EventCountry "ESP"]
[Source "lmi"]
[SourceDate "2015.12.18"]

1. d4 Nf6 2. Nf3 g6 3. Bf4 Bg7 4. e3 d6 5. h3 Nh5 6. Bh2 b6 7. Be2 Bb7 8. O-O
Nd7 9. c4 c5 10. Nc3 Nhf6 11. d5 O-O 12. Qc2 Re8 13. Rad1 Kh8 14. Rfe1 Ng8 15.
e4 Ne5 16. Nxe5 Bxe5 17. Bxe5+ dxe5 18. Qc1 Qb8 19. Qg5 h6 20. Qg3 Nf6 21. Rd2
Kg7 22. Red1 Rd8 23. h4 Bc8 24. a4 a5 25. Qe3 Kh7 26. Nb5 Ba6 27. Nc3 Bc8 28.
Qg3 Kh8 29. Rf1 Kh7 30. f4 exf4 31. Rxf4 Qe5 32. Qf2 g5 33. hxg5 hxg5 34. Rf3
Kg6 35. Rg3 Rh8 36. Qe3 Rh4 37. d6 e6 38. Bd1 Bd7 39. Rh3 Rah8 40. Rxh4 Rxh4
41. Be2 Qh2+ 42. Kf2 Rf4+ 43. Bf3 Ng4+ 0-1